000 00817nam a2200217Ia 4500
001 17777
003 GE_BSU
008 181216s||||||||xx |||||||||||||| ||und||
040 _cGE_BSU
080 _a621.315.1(075.8)
100 _aКаетанович,М.М. Крылов,С.В. Равинович,Д.В. и др.
245 _aТехнология и организасия сооружения линий электропередачи.
245 _bУчебное пособие.
245 _cПод общей ред. М.М.Каетановича.
260 _aМ.
260 _bЭнергия.
260 _c1969.
300 _a528 стр. с илл. 22 см.
653 _aТехнология и организасия сооружения линий электропередачи.
942 _cBK
999 _c50824
_d50824